000 00442nam a2200181Ia 4500
001 17577
005 20260306171527.0
008 260306s9999||||xx |||||||||||||| ||und||
041 _aESP
082 _a658.049
_bD59A
100 _aDeresky, Helen
_eAUT
245 0 _aGlobal management:
_bstrategic and Interpersonal
260 _c2002
300 _a398 páginas :
_c23 cm.
650 _aGEN
654 _aCAN
942 _cLIB
_dJUS
_fJUS
_2ddc
_n
999 _c17577
_d17577